Summer Paradise - Simple Plan Feat. Sean Paul - All Lyrics - Statistics

General Stats
  • This quiz has been taken 24 times
  • The average score is 327 of 452
Answer Stats
Answer % Correct
a
100%
be
100%
da-da
100%
I
100%
(I
100%
inna
100%
la-da-da,
100%
paradise
100%
paradise,
100%
di
95%
ever
95%
every
95%
in
95%
In
95%
Oh
95%
oh
95%
Oh-oh
95%
summer
95%
Summer
95%
word
95%
word,
95%
you
95%
And
91%
and
91%
deh
91%
heart
91%
remember
91%
remember)
91%
said
91%
sunset
91%
the
91%
to
91%
with
91%
your
91%
back,
86%
back
86%
Back
86%
go
86%
is
86%
my
86%
My
86%
we
86%
We
86%
where
86%
can
82%
can't
82%
do
82%
I'll
82%
I’ll
82%
me
82%
(Me
82%
mi
82%
say
82%
Singing
82%
there
82%
don't
77%
get
77%
goodbye
77%
But
73%
but
73%
gonna
73%
heartbeat
73%
heartbeat,
73%
I'm
73%
(It
73%
it
73%
never
73%
Tell
73%
tell
73%
time,
73%
time
73%
were
73%
We're
73%
will
73%
believe
68%
from
68%
girl)
68%
girl,
68%
know
68%
on
68%
sand
68%
So
68%
so
68%
(So
68%
what
68%
as
64%
away
64%
'Cause
64%
find
64%
have
64%
how
64%
kno-kno-know
64%
one
64%
up
64%
way
64%
(Baby
59%
Baby
59%
baby
59%
Just
59%
beach
55%
days,
55%
leaving
55%
another
50%
clouds
50%
sinking
50%
stop
50%
that
50%
written
50%
above
45%
hand
45%
Holding
45%
lifting
45%
name
45%
are
41%
frozen
41%
got
41%
like
41%
someday
41%
Someday
41%
wait
41%
wait)
41%
wanna
41%
broken
36%
I'd
36%
It’s
36%
leave
36%
playing
36%
soul
36%
thousand
36%
through
36%
Well,
36%
(Well,
36%
brain)
32%
dem
32%
down
32%
felt
32%
give
32%
life
32%
melting
32%
(Quick
32%
quick
32%
real
32%
sex
32%
(Stay
32%
Streets
32%
these
32%
crashing
27%
didn't
27%
feelings
27%
gotta
27%
high
27%
high)
27%
lips
27%
waves
27%
about
23%
first
23%
Thinking
23%
Because
18%
I've
18%
kissed
18%
sunshine
18%
under
18%
(Bring
14%
bring
14%
put
14%
really
14%
SP
14%
Summertime
14%
rewind,
9%
rewind)
9%
sit
9%
trees
9%
fine,
5%
Loving
5%
three
5%
tour,
5%
upon
5%
anytime
0%
freeze
0%
increase,
0%
need
0%
o'clock,
0%
reach
0%
repeat
0%
No matching quizzes found
Score Distribution
Percent of People with Each Score
Percentile by Number Answered
Your Score History
You have not taken this quiz